Géographie de Paris par lettre - G - Statistiques

Statistiques générales
  • Ce quiz a été pris 26 fois
  • Le résultat moyen est 7 sur 20
Statistiques - réponses
Question Réponse % Correct
Je peux être de l'est, du nord et à la fois à Montparnasse Gare
96%
Opéra mythique de Paris, chef-d'œuvre d'architecture de Napoléon III Garnier
88%
Grand magasin historique du boulevard Haussmann avec sa coupole célèbre Galeries Lafayette
80%
Monument historique célèbre pour sa verrière, situé entre les Champs-Élysées et la Seine Grand Palais
68%
Nom de l'ancienne gare, transformée en musée mondialement connu Gare d'Orsay
56%
Station de métro de la ligne 13, nommée d'après un révolutionnaire italien Garibaldi
56%
Boule coincé à la Villette Géode
52%
Place du 20e située à l'entrée du cimetière du Père-Lachaise Gambetta
40%
Station de métro sur la 6 où il fait bon vivre au mois d'août Glacière
36%
Station de métro (Ligne 1) et célèbre hôtel de luxe face aux Tuileries George-V
24%
Célèbre quartier de Paris Goutte d'Or
24%
Pont parisien célèbre pour ses statues de zouaves servant à mesurer les crues Grenelle
16%
Rue du 9e arrondissement célèbre pour ses théâtres et sa vie nocturne Gaîté
12%
Rue du 16e nommée d'après un explorateur (rue ...) Gallieni
12%
Artiste ayant un parc à son nom dans le 15ème George Brassens
8%
Nom de la prestigieuse école de design située boulevard Raspail Gobelins
8%
Tombeau historique du cimetière du Père-Lachaise Géricault
4%
Quai du 10e arrondissement bordant le célèbre Canal Saint-Martin Gemmapes
0%
Nom de la célèbre prison du 11e arrondissement aujourd'hui disparue Grande-Roquette
0%
Nom de la porte du 12e arrondissement menant au bois de Vincennes Gravelle
0%
Aucun quiz correspondant
Distribution des résultats
% des personnes avec chaque résultat
Percentile par nombre de réponses
Votre historique - résultats
Vous n’avez pas pris ce quiz